Word Ladder: The Four Seasons' Song Quiz Stats

 Plays Quiz Updated Sep 4, 2012

Support Sporcle.
Go Orange.
Score 0/18 Timer 03:00
0 Plays Today
Clue 4-Letter Word % Correct
2008 film or dairy beverageMILK
98.5%
1760 yardsMILE
97.9%
Taste a lollipopLICK
97.8%
'As smooth as ___'SILK
97.6%
ApplaudCLAP
97.3%
Myers or Tyson, e.g.MIKE
97%
'___ on the wrist'SLAP
94.8%
'___, stock & barrel'LOCK
93.1%
Head insectsLICE
92.2%
Clue 4-Letter Word % Correct
To saturate in waterSOAK
89.8%
'Protect Ya Neck' group, 'Wu-Tang ____'CLAN
88.4%
★The Four Seasons' song, '[Rung 1] ___ [Rung 18]★★LIKE★
86%
Type of operaSOAP
84.9%
Darn itSOCK
83.2%
Alda of M*A*S*HALAN
77.7%
Polio vaccine inventor Jonas SALK
73.9%
★The Four Seasons' song, '___ [Rung 7] [Rung 18]★★WALK★
59.7%
★The Four Seasons' song, '[Rung 1] [Rung 7] ___'★★A MAN★
53.2%

Today's Daily Dose

Word Ladder
ING Words

Get the Picture
Nearest Volcano

From the Vault

Fantastic Foursomes by First Names

by Noldeh

Three's a crowd, but four's a party!
Remove Ads.
Support Sporcle.
Get the best of Sporcle when you Go Orange. This ad-free experience offers more features, more stats, and more fun while also helping to support Sporcle. Thank you for becoming a member.

Show Comments

Extras

Top Quizzes Today


Score Distribution

Your Account Isn't Verified!

In order to create a playlist on Sporcle, you need to verify the email address you used during registration. Go to your Sporcle Settings to finish the process.

Report this User

Report this user for behavior that violates our Community Guidelines.

Details: